Statistics for Words That Contain "AB"

Click here to take the quiz!

General Stats

  • This quiz has been taken 69 times
  • The average score is 15 of 26

Answer Stats

HintAnswer% Correct
Swedish pop bandABBA
97%
InfantBaby
95%
Scuttling beach creatureCrab
91%
Sleep songLullaby
88%
Coleslaw vegetableCabbage
83%
Jewish clericRabbi
83%
Gossipy newspaperTabloid
70%
Hate, detestAbhor
69%
Holy daySabbath
67%
Animal's environmentHabitat
66%
KidnapAbduct
61%
Egyptian beetleScarab
59%
Ancient writing surfaceTablet
59%
Mathematical curveParabola
52%
More than likelyProbable
47%
Word unitSyllable
47%
Fissure, chasmAbyss
45%
Forbidden, off-limitsTaboo
45%
Facilitate, make possibleEnable
42%
Canadian peninsulaLabrador
41%
Allegorical storyParable
39%
Cloth, woven materialFabric
38%
Descend by ropeAbseil
34%
Young pigeonSquab
27%
Deplorable, awfulAbysmal
13%
Deliberately damageSabotage
8%

Score Distribution

Percentile by Number Answered

Percent of People with Each Score

Your Score History

You have not taken this quiz